The new buildings (Record no. 74829)

MARC details
000 -LEADER
fixed length control field 00576cam a2200169 4500
001 - CONTROL NUMBER
control field X128866
008 - FIXED-LENGTH DATA ELEMENTS--GENERAL INFORMATION
fixed length control field 050222n1897 000 0 eng u
035 ## - SYSTEM CONTROL NUMBER
System control number (Sirsi) u128866
245 #4 - TITLE STATEMENT
Title The new buildings
260 ## - PUBLICATION, DISTRIBUTION, ETC.
Date of publication, distribution, etc. 1897
490 ## - SERIES STATEMENT
Series statement Surveyors Institution Transactions
Volume/sequential designation 29 1896-97, 470-471(2)
520 ## - SUMMARY, ETC.
Summary, etc. Reports on the selection of Foster and Dicksee as contractors for the construction of the new buildings at 12 Great George Street to the designs of Alfred Waterhouse.
590 ## - LOCAL NOTE (RLIN)
Local note GGS
650 ## - SUBJECT ADDED ENTRY--TOPICAL TERM
Topical term or geographic name entry element 12 GREAT GEORGE STREET
690 ## - LOCAL SUBJECT ADDED ENTRY--TOPICAL TERM (OCLC, RLIN)
Topical term or geographic name as entry element RICS NEWS
942 ## - ADDED ENTRY ELEMENTS (KOHA)
Suppress in OPAC 0
Holdings
Withdrawn status Lost status Source of classification or shelving scheme Damaged status Not for loan Home library Current library Shelving location Date acquired Total Checkouts Full call number Barcode Date last seen Copy number Price effective from Koha item type
    Dewey Decimal Classification     London London Journal article 22/02/2005   X128866 128866-1001 06/08/2019 1 06/08/2019 Journal article